| 000 | 01770nam a2200349 i 4500 | ||
|---|---|---|---|
| 001 | 193520 | ||
| 003 | SpMaBN | ||
| 005 | 20250712063142.0 | ||
| 007 | ta | ||
| 008 | 240103s2020 sp | |||| 000 0 spa | ||
| 017 |
_aM 30358-2020 _bOficina Depósito Legal Madrid |
||
| 035 | _aa6795034 | ||
| 040 |
_aSpMaBN _bspa _cSpMaBN _erda _dES-MaACL |
||
| 080 | _a82.09 | ||
| 100 |
_aMartínez-Conde, Ricardo, _d1949- _9234824 _eaut |
||
| 245 | 1 | 0 |
_aAl calor de la lectura I-II : _breseñas literarias / _cRicardo Martínez. |
| 250 | _aPrimera edición, 2020 | ||
| 264 | 1 |
_a[Madrid] : _bEditorial Ortigia, _c[2020] |
|
| 300 |
_a136 páginas ; _c21 cm |
||
| 336 |
_aTexto _2rdacontent |
||
| 337 |
_asin mediación _2rdamedia |
||
| 338 |
_avolumen _2rdacarrier |
||
| 520 | _aEn puridad, las palabras nos hacen; o nos definen, que viene a ser lo mismo a la hora del ser. Y a su vez las palabras están hechas de letras, una hermosura gráfica y muda (en apariencia) que las conforman. Sería, entonces, gramaticalmente injusto (casi moralmente injusto) que no queramos saber algo acerca de ellas. ¡Qué es, al fin, la literatura, sino testimonio personal! Bien testimonio de observador, bien testimonio de actor, lo que resulta más decisivo e implicador. | ||
| 650 | 4 |
_aLiteratura- _914494 _vReseñas bibliográficas |
|
| 655 | 0 |
_aReseñas bibliográficas _9234825 |
|
| 852 |
_aES-MaACL _bR.154866 _cDEPOJ _jN-9701 _9201001 _hDonación: editorial _xEncuadernación rústica con solapas |
||
| 942 |
_n0 _cMONOGRAFIA |
||
| 999 |
_c193520 _d193520 |
||